Quiz sur le Maine-et-Loire - Statistiques

Statistiques générales
  • Ce quiz a été pris 3 821 fois
  • Le résultat moyen est 10 sur 18
Statistiques - réponses
Ques Réponse % Correct
Numéro du département 49
96%
Région dans laquelle il se situe Pays de la Loire
94%
Préfecture et ville la plus peuplée Angers
93%
Sous-préfecture et deuxième ville, limitrophe des Deux-Sèvres et de la Vendée Cholet
71%
Sous-préfecture connue pour son École de cavalerie, son château et ses vins Saumur
71%
Ancienne province dont celle-ci était la capitale et qui correspond au Maine-et-Loire Anjou
66%
Sport dans lequel le club de cette ville a remporté le championnat de France en 2010 Basketball
66%
Ancien nom du département, qui rappelle celui d'un de ses voisins au nord {Mayenne}-et-Loire
66%
Rivière qui rejoint la réponse précédente pour former la Maine Sarthe
58%
Grande couturière qui est controversée pour son antisémitisme Coco Chanel
47%
Ensemble de tapisseries célèbre qui est conservé dans le château de la préfecture La tenture del'{Apocalypse}
41%
Premier ministre de François Hollande, originaire de Maulévrier Jean-Marc Ayrault
39%
Seule autre sous-préfecture, principale ville du nord-ouest du département Segré
36%
Dynastie de rois d'Angleterre qui est originaire de cet ancien comté Plantagenêt
35%
Poète de la Pléiade, connu pour son recueil Les Regrets inspiré par Rome Joachim du Bellay
34%
Le Maine-et-Loire est le premier département français dans l'art decultiver les végétaux (légumes, fruits, fleurs, arbres..), on parle d'... {Horti}culture
26%
Héros de la Guerre de Cent Ans qui fut ensuite condamné au bûcherpour des crimes sexuels et le meurtre présumé de 140 enfants Gilles de {Rais}
24%
Région au sud-ouest du département qui est entièrement recouverte de villesnouvelles, faisant passer son total de communes de 63 à seulement 6 Mauges
24%
Aucun quiz correspondant
Distribution des résultats
% des personnes avec chaque résultat
Percentile par nombre de réponses
Votre historique - résultats
Vous n’avez pas pris ce quiz